| 000 | 00606nam a22001697a 4500 | ||
|---|---|---|---|
| 005 | 20251108165501.0 | ||
| 008 | 250721s1993 xx 000 0 ara d | ||
| 082 | 1 | 4 | _aم/412.3/سلا |
| 100 | 1 | _aإبن سلام، أبو عبيد القاسم بن سلام الهروي | |
| 245 | 1 | 0 | _aكتاب الأجناس من كلام العرب و ما إشتبه في اللفظ و إختلف في المعنى / |
| 264 | 1 |
_aالقاهرة : _c1993. |
|
| 300 | _a105ص | ||
| 650 | 1 | 7 | _aاللغة العربية |
| 700 | 1 |
_aالهابط، فوزي يوسف _eتحقيق |
|
| 942 |
_2ddc _cREF |
||
| 999 |
_c29020 _d29020 |
||